LEADER 02361nam 2200553 a 450 001 9910454419203321 005 20200520144314.0 010 $a1-84755-263-3 035 $a(CKB)1000000000704013 035 $a(EBL)1185318 035 $a(OCoLC)232637968 035 $a(SSID)ssj0000379240 035 $a(PQKBManifestationID)11286114 035 $a(PQKBTitleCode)TC0000379240 035 $a(PQKBWorkID)10365837 035 $a(PQKB)10870536 035 $a(MiAaPQ)EBC1185318 035 $a(PPN)195004868 035 $a(Au-PeEL)EBL1185318 035 $a(CaPaEBR)ebr10626409 035 $a(CaONFJC)MIL872315 035 $a(EXLCZ)991000000000704013 100 $a20121204d2005 uy 0 101 0 $aeng 135 $aur|n|---||||| 181 $ctxt 182 $cc 183 $acr 200 00$aChemical history$b[electronic resource] $ereviews of the recent literature /$fedited by Colin A. Russell and Gerrylynn K. Roberts 210 $aCambridge $cRSC Pub.$d2005 215 $a1 online resource (261 p.) 300 $aDescription based upon print version of record. 311 $a0-85404-464-7 320 $aIncludes bibliographical references and indexes. 327 $aChemical History_publicity; 9780854044641txt; i_xii; 001_018; 019_048; 049_056; 057_088; 089_134; 135_153; 154_184; 185_214; 215_229; 230_238; 239_248 330 $aThis book provides an historical overview of the recent developments in the history of diverse fields within chemistry. It follows on from Recent Developments in the History of Chemistry, a volume published in 1985. Covering chiefly the last 20 years, the primary aim of Chemical History: Reviews of the Recent Literature is to familiarise newcomers to the history of chemistry with some of the more important developments in the field. Starting with a general introduction and look at the early history of chemistry, subsequent chapters go on to investigate the traditional areas of chemistry (physi 606 $aChemistry$xHistory 608 $aElectronic books. 615 0$aChemistry$xHistory. 676 $a540.9 701 $aRussell$b Colin A$0930293 701 $aRoberts$b Gerrylynn K$0270779 801 0$bMiAaPQ 801 1$bMiAaPQ 801 2$bMiAaPQ 906 $aBOOK 912 $a9910454419203321 996 $aChemical history$92092634 997 $aUNINA LEADER 01073nam 2200325Ia 450 001 996392002603316 005 20200824132119.0 035 $a(CKB)1000000000673310 035 $a(EEBO)2248511286 035 $a(OCoLC)ocm15273649e 035 $a(OCoLC)15273649 035 $a(EXLCZ)991000000000673310 100 $a19870305d1655 uy 1 101 0 $aeng 135 $aurbn||||a|bb| 200 10$aParthenissa$hThe second part$b[electronic resource] $ea romance in four parts : dedicated to the Lady Northumberland and the Lady Sunderland 210 $aLondon $cPrinted for Humphrey Moseley and are to be sold at his shop ...$d1655 215 $a[14], 412 p 300 $aAttributed to Orrery by Wing. 300 $aImperfect: print show-through. 300 $aReproduction of original in the Huntington Library. 330 $aeebo-0113 700 $aOrrery$b Roger Boyle$cEarl of,$f1621-1679.$028582 801 0$bEAK 801 1$bEAK 801 2$bWaOLN 906 $aBOOK 912 $a996392002603316 996 $aParthenissa$92317724 997 $aUNISA